Statistics for UK County Flag Quiz

Click here to take the quiz!

General Stats

  • This quiz has been taken 222 times
  • The average score is 12 of 50

Answer Stats

Answer% Correct
Cornwall
80%
Yorkshire
69%
Lancashire
61%
Nottinghamshire
57%
Devon
53%
Essex
48%
Buckinghamshire
39%
Kent
38%
Dorset
33%
Warwickshire
32%
Lincolnshire
30%
Hertfordshire
29%
Northumberland
27%
Worcestershire
27%
Bedfordshire
25%
Berkshire
25%
Somerset
25%
Cheshire
24%
Oxfordshire
24%
Rutland
24%
Surrey
24%
Derbyshire
23%
Cambridgeshire
22%
Gloucestershire
22%
Middlesex
22%
Wiltshire
21%
Norfolk
20%
Northamptonshire
20%
Hampshire
19%
Sussex
19%
Staffordshire
18%
County Durham
17%
Shropshire
16%
Cumberland
14%
Orkney
14%
Shetland
14%
Sufffolk
14%
Glamorgan
13%
Anglesey
11%
Huntingdonshire
10%
Pembrokeshire
10%
Flintshire
9%
Westmorland
9%
Caithness
7%
Merioneth
7%
Sutherland
7%
East Lothian
6%
Monmouthshire
6%
Caernarfonshire
5%
Kirkcudbrightshire
5%

Score Distribution

Percentile by Number Answered

Percent of People with Each Score

Your Score History

You have not taken this quiz